| 000 | 00567nam a2200229Ia 4500 | ||
|---|---|---|---|
| 005 | 20250425160653.0 | ||
| 008 | 250425s9999 xx 000 0 und d | ||
| 020 | _a8474261741 | ||
| 041 | _aspa | ||
| 082 | _a330 | ||
| 100 | _aRODRIGUEZ CABRERO, GREGORIO | ||
| 245 | 0 | _aESTADO PRIVATIZACION Y BIENESTAR : UN DEBATE DE LA EUROPA ACTUAL | |
| 250 | _a1A ED. | ||
| 260 | _aBARCELONA | ||
| 260 |
_aEspaƱa _bICARIA _c1991 |
||
| 300 | _a283 | ||
| 650 | _aECONOMIA | ||
| 650 | _aESTADO Y SOCIEDAD | ||
| 650 | _aPRIVATIZACION | ||
| 942 | _c01 | ||
| 010 | _a1927 | ||
| 999 |
_c193798 _d193798 |
||